Casting (Registo nº 765)
[ vista simples ]
| 000 -Etiqueta do registo | |
|---|---|
| Cabeçalho | 00806nam0a2200277 4500 |
| 005 - Identificador da versão | |
| Campo de controlo | 20240813121814.0 |
| 010 ## - Número internacional normalizado dos livros (ISBN) | |
| Número (ISBN) | 9722026623 |
| 021 ## - Número do Depósito Legal | |
| Código do país | PT |
| Número | 210803/04 |
| 100 ## - Dados gerais de processamento | |
| Dados gerais de processamento | 20160310d2004 a e0pory5003 ba |
| 102 ## - Pais de publicação ou produção | |
| País de publicação | Portugal |
| 101 1# - Língua de publicação | |
| Língua do texto, banda sonora, etc. | Português |
| Língua do documento no original | Espanhol |
| 215 ## - Descrição física | |
| Indicação específica da natureza do documento e extensão da espécie | 165 p |
| 200 1# - Titulo e menção de responsabilidade | |
| Título próprio | Casting |
| Primeira menção de responsabilidade | Jordi Sierra i Fabra |
| Outras menções de responsabilidade | trad. de Maria Adelaide C. Lopes |
| 225 2# - Colecção | |
| Título próprio da colecção | Minoria absoluta |
| Indicação de volume | 35 |
| 205 ## - Menção da edição | |
| Menção da edição | 1ª ed |
| 210 ## - Publicação, Distribuição, etc. | |
| Lugar da edição, distribuição, etc. | Lisboa |
| Nome do editor, distribuidor, etc. | Dom Quixote |
| Data da publicação, distribuição, etc. | 2004 |
| 300 ## - Notas gerais | |
| Texto da nota | Plano Nacional de Leitura |
| 606 ## - Nome comum usado como assunto | |
| Número de registo de entrada de autoridade | 0002758 |
| Palavra de ordem | Literatura espanhola |
| Subdivisão de assunto | Romance |
| Código do sistema | CA |
| 675 ## - Classificação Decimal Universal (CDU) | |
| Notação | 821.134.2-31 |
| Edição | 3ª ed. |
| Língua da edição | por |
| 702 #1 - Nome de autor-pessoa física (responsabilidade secundária) | |
| Número de registo de entrada de autoridade | 0002761 |
| Palavra de ordem | Lopes |
| Outra parte do nome não tomada para palavra de ordem | Maria Adelaide C. |
| Código de função | Tradutor |
| 700 #1 - Nome de autor-pessoa física (responsabilidade principal) | |
| Número de registo de entrada de autoridade | 0002762 |
| Palavra de ordem | Sierra i Fabra |
| Outra parte do nome não tomada para palavra de ordem | Jordi |
| Datas | 1947- |
| 966 ## - Identificação da Biblioteca | |
| Sigla | EB2,3ENM |
| 942 ## - Elementos de entrada adicionados (Koha) | |
| Tipo de item no Koha | Livro |
| Situação do levantamento | Origin of item (home branch) (coded) | Biblioteca de empréstimo | Código de barras | Cota | Circulation type (not for loan) | Tipo de documento | Nota do exemplar | Damaged status |
|---|---|---|---|---|---|---|---|---|
| Biblioteca Escolar Eng. Nuno Mergulhão | Biblioteca Escolar Eng. Nuno Mergulhão | BENM1475 | 82LE-3 SIE PNL | Livro | Sem mensagem | |||
| Biblioteca Escolar Eng. Nuno Mergulhão | Biblioteca Escolar Eng. Nuno Mergulhão | BENM1476 | 82LE-3 SIE PNL | Livro | Sem mensagem | |||
| Biblioteca Escolar Eng. Nuno Mergulhão | Biblioteca Escolar Eng. Nuno Mergulhão | BENM1477 | 82LE-3 SIE PNL | Livro | Sem mensagem | |||
| Biblioteca Escolar Eng. Nuno Mergulhão | Biblioteca Escolar Eng. Nuno Mergulhão | BENM1478 | 82LE-3 SIE PNL | Livro | Sem mensagem | |||
| Biblioteca Escolar Eng. Nuno Mergulhão | Biblioteca Escolar Eng. Nuno Mergulhão | BENM1479 | 82LE-3 SIE PNL | Livro | Sem mensagem | |||
| Biblioteca Escolar Eng. Nuno Mergulhão | Biblioteca Escolar Eng. Nuno Mergulhão | BENM1480 | 82LE-3 SIE PNL | Livro | Sem mensagem |
